000 00643nam a2200265 a 4500
001 nice12345678
003 IN_TiNIC
005 20260116015131.0
008 050524s1958 lona grp 000 0 eng
020 _a
_c100
082 0 0 _a239.09
_bBAR
100 _aBarcly, William
245 _aMind of St Paul
260 _aLondon
_bCollins
_c1958
300 _a192p
500 _aincludes index and biblioraphy
505 2 _aNotes
650 _aSaint Pauls Cathedral
650 _aBible N.T. Epistles Paul
650 _aTheology-Doctrinal-History
700 1 _aBarcly, William
902 _bSRS
942 _cBK
999 _c18437
_d18437